Analysis Of E-Gain Tool Used in TCL (Record no. 75084)

MARC details
000 -LEADER
fixed length control field 00433nam a2200133Ia 4500
008 - FIXED-LENGTH DATA ELEMENTS--GENERAL INFORMATION
fixed length control field 221007s9999 xx 000 0 und d
041 ## - LANGUAGE CODE
Language code of text/sound track or separate title eng
082 ## - DEWEY DECIMAL CLASSIFICATION NUMBER
Item number KAM
100 ## - MAIN ENTRY--PERSONAL NAME
Personal name Kamble Shrunoti - 2k141068; Dr.Rachana Shikhare - Guide & [Company Name] - XecuteHR Solutions Pvt Ltd
9 (RLIN) 103751
245 ## - TITLE STATEMENT
Title Analysis Of E-Gain Tool Used in TCL
260 ## - PUBLICATION, DISTRIBUTION, ETC. (IMPRINT)
Date of publication, distribution, etc. Sep-15
Name of publisher, distributor, etc. Savitribai Phule Pune University
Place of publication, distribution, etc. Pune
300 ## - PHYSICAL DESCRIPTION
Extent 53p
906 ## - LOCAL DATA ELEMENT F, LDF (RLIN)
b General
Holdings
Withdrawn status Lost status Damaged status Not for loan Home library Current library Date acquired Vendor Total Checkouts Full call number Barcode Date last seen Bill Date Koha item type Original Barcode
        Smt. Hiraben Nanavati Institute of Management & Research for Women Smt. Hiraben Nanavati Institute of Management & Research for Women 21/07/2016 HNIMR   KAM HIMR-PR-615 07/10/2022 07/10/2022 Project Reports PR0615